GOOD QUESTION GOOD ANSWER (Record no. 5173)
[ view plain ]
| 000 -LEADER | |
|---|---|
| fixed length control field | 00525nam a22001337a 4500 |
| 082 ## - DEWEY DECIMAL CLASSIFICATION NUMBER | |
| Classification number | 200 |
| Item number | DHA/G |
| 100 ## - MAIN ENTRY--AUTHOR NAME | |
| Personal name | DHAMMIKA, VEN S |
| 245 ## - TITLE STATEMENT | |
| Title | GOOD QUESTION GOOD ANSWER |
| 260 ## - PUBLICATION, DISTRIBUTION, ETC. (IMPRINT) | |
| Place of publication | SINGAPORE |
| Name of publisher | BUDDHA DHAMMA MANDALA SOCIETY |
| 300 ## - PHYSICAL DESCRIPTION | |
| Number of Pages | 85 |
| 520 ## - SUMMARY, ETC. | |
| Summary, etc | The book covers topics such as What is Buddhism? Basic Buddhist Concepts, Buddhism and the god Idea, The Five Precepts, Rebirth, Meditation, Wisdom and Compassion, Vegetarianism, Good Luck and Fate and Becoming a Buddhist. |
| 650 ## - SUBJECT ADDED ENTRY--TOPICAL TERM | |
| Topical Term | RELIGIOUS |
| Geographic subdivision | SINGAPORE |
| 942 ## - ADDED ENTRY ELEMENTS (KOHA) | |
| Koha item type | Books |
| Withdrawn status | Lost status | Collection code | Home library | Current library | Shelving location | Date acquired | Source of acquisition | Full call number | Accession Number | Koha item type |
|---|---|---|---|---|---|---|---|---|---|---|
| Non-fiction | Main Library | Main Library | SHELF 15 C-RELIGIOUS | 14/07/2016 | purchase | 200 DHA/G | 04340 | Books | ||
| Non-fiction | Main Library | Main Library | SHELF 15 C-RELIGIOUS | 14/07/2016 | purchase | 200 DHA/G | 04342 | Books | ||
| Non-fiction | Main Library | Main Library | SHELF 15 C-RELIGIOUS | 14/07/2016 | purchase | 200 DHA/G | 04341 | Books |